|
|
|
|
| LEADER |
00000nam0a2200000 4500 |
| 001 |
28062 |
| 005 |
20231101205831.0 |
| 010 |
|
|
|a 5020247022
|
| 035 |
|
|
|a (RuTPU)RU\TPU\book\28318
|
| 035 |
|
|
|a BOOK00028393
|
| 090 |
|
|
|a 28062
|
| 100 |
|
|
|a 20011209d1993 k y0rusy50 ca
|
| 101 |
0 |
|
|a rus
|
| 102 |
|
|
|a RU
|
| 105 |
|
|
|a a 001|y
|
| 200 |
1 |
|
|a Кристаллогенезис и эволюция системы "кристалл-среда"
|f А. М. Асхабов; РАН, Ин-т геологии
|
| 210 |
|
|
|a СПб.
|c Наука
|d 1993
|
| 215 |
|
|
|a 154 с.
|c ил.
|
| 320 |
|
|
|a Библиогр.: с. 145-153.
|
| 606 |
1 |
|
|a Кристаллизация из растворов
|x (кристаллография)
|2 stltpush
|3 (RuTPU)RU\TPU\subj\69309
|9 84220
|
| 610 |
1 |
|
|a кристаллогафия
|
| 610 |
1 |
|
|a растворы
|
| 610 |
1 |
|
|a кристаллогенезис
|
| 610 |
1 |
|
|a кристаллы
|
| 610 |
1 |
|
|a "кристалл-среда"
|
| 610 |
1 |
|
|a системы
|
| 610 |
1 |
|
|a эволюция
|
| 675 |
|
|
|a 548.52
|v 3
|
| 700 |
|
1 |
|a Асхабов
|b А. М.
|g Асхаб Магомедович
|
| 712 |
0 |
2 |
|a Российская академия наук
|b Уральское отделение
|b Коми научный центр
|b Институт геологии (ИГ Коми НЦ УрО РАН)
|c (Сыктывкар)
|2 stltpush
|3 (RuTPU)RU\TPU\col\7925
|
| 801 |
|
0 |
|a RU
|b 63413507
|c 20011209
|g PSBO
|
| 801 |
|
2 |
|a RU
|b 63413507
|c 20200821
|g PSBO
|
| 942 |
|
|
|c BK
|